000 01014nam a22003137a 4500
003 CHAP
005 20220329135619.0
008 971013s1983 r 00010 d
010 _a39303
011 _a40275
035 _a44400
040 _cCHAP
090 _aTesis
100 0 0 _aEsteban Vaz, José Emilio.
_938283
245 _aReciclaje de excretas de cerdo ; estudio recapitulativo
260 _aMéxico, D. F. :
_bEl autor,
_c1983
300 _a89 h.
_b: ilus.
502 _aTesis (Médico Veterianrio Zootecnista) -- UNAM. Facultad de Medicina Veterianria y Zootecnia
590 _aALEPH
_b10
_c20130110
_lUCH01
_h1307
590 _aBATCH-UPD
_b10
_c20130110
_lUCH01
_h1648
590 _aBATCH-UPD
_b10
_c20130410
_lUCH01
_h1038
590 _aBATCH-UPD
_b10
_c20130914
_lUCH01
_h1326
590 _aCONVERSION
_b10
_c20130109
_lUCH01
_h1322
650 1 4 _aEstiércol de cerdo.
_938323
650 1 4 _aEstiércol
_xManejo.
_938314
901 _aBK
942 _cTESIS
949 _bBC
_cTES
_d-101725
_eTS1
_i44400
_si
999 _c39303
_d39303